On This Day: April 2nd II Quiz Stats

 Plays Quiz Updated Apr 2, 2018

Challenge
Share
Tweet
Embed
Score 0/7 Timer 03:00
1 Play Today
Question Answer Wrong Answers
United States President Woodrow Wilson asks the US Congress for a declaration of war on ______.
1917
Germany
86.2%
Spain
2.6%
Russia
5.8%
Italy
4.3%
The Coinage Act is passed by the US Congress, creating the United States dollar as the country's standard unit of money and establishing the United States ______.
1792
Mint
85.9%
Bank
9.2%
Stock Market
2.6%
Postal Service
2.3%
Rama IV, best known as the king in the musical ‘The King and I’, is crowned King of Siam in present day ______.
1851
Thailand
85.2%
Laos
4.6%
Cambodia
5.2%
Vietnam
4.3%
In New York, this well-known Italian-American gangster, boss of the powerful Gambino crime family, is convicted of murder and racketeering, and is sentenced to life in prison.
1992
John Gotti
77.9%
Henry Hill
1.4%
Lucky Luciano
9.7%
Frank Costello
9%
Soviet leader ______ arrives in Havana, Cuba, to meet with Fidel Castro in an attempt to mend strained relations.
1989
Mikhail Gorbachev
77.3%
Leonid Brezhnev
7.6%
Boris Yeltsin
11.7%
Yuri Andropov
1.7%
This American singer-songwriter, known for hits like ‘How Sweet It Is (To Be Loved By You)’ and ‘I Heard It Through the Grapevine’, is born.
1939
Marvin Gaye
77%
Stevie Wonder
5.5%
Smokey Robinson
12.9%
Barry White
3.2%
This English actor, an early icon of the film industry, returns to the US for the first time since being labeled a communist during the Red Scare of the early 1950s.
1972
Charlie Chaplin
65.1%
Orson Welles
14.8%
Douglas Fairbanks
9.9%
Groucho Marx
8.6%

You're not logged in!

Compare scores with friends on all Sporcle quizzes.
OR
Log In

You Might Also Like...

Show Comments

Extras

Top Quizzes Today


Score Distribution

Your Account Isn't Verified!

In order to create a playlist on Sporcle, you need to verify the email address you used during registration. Go to your Sporcle Settings to finish the process.

Report this User

Report this user for behavior that violates our Community Guidelines.

Details: